Every Silksong NPC - Statistics

General Stats
  • This quiz has been taken 235 times
    63 since last reset
  • The average score is 59 of 89
Answer Stats
Hint Answer % Correct
Marrow --> Bellhart Shakra
100%
Bone Bottom Pilby
97%
Ruined Chapel Chapel Maid
94%
Marrow --> Songclave Sherma
94%
Songclave Caretaker
90%
Bone Bottom --> Survivor's Camp Flick the Fixer
90%
Greymoor --> Fleatopia Kratt
90%
Deep Docks --> Abyss Lace
90%
Marrow --> Fleatopia Fleamaster Mooshka
87%
Greymoor --> Blasted Step Garmond and Zaza
87%
Sinner's Road --> Verdania Green Prince
87%
Bilewater --> Fleatopia Vog
87%
Marrow --> Bellways Bell Beast
84%
Weavenest Atla Eva
84%
Bellhart Pavo
84%
Blasted Step --> Mount Fay Pinstress
84%
Deep Docks Ballow
81%
Red Memory Herrah
81%
Greymoor Nuu
81%
The Stage Tormented Trobbio
81%
Red Memory Vespa
81%
Greymoor Creige
77%
Sinner's Road Crull and Benjin
77%
Deep Docks Forge Daughter
77%
Marrow --> Blasted Step Grindle
77%
Underworks Loam
77%
Far Fields Mort
77%
Moss Home Moss Druid
77%
Far Fields Seamstress
77%
Red Memory White Lady
77%
Bellhart Bell Hermit
74%
Bone Bottom Fearful Pilgrim
74%
Hunter's March --> Far Fields Gilly
74%
Putrified Ducts Huntress
74%
Bone Bottom Pebb
74%
Shellwood --> Fleatopia Seth
74%
Wormways Alchemist Zylotol
71%
High Halls Conductor Ballador
71%
Sinner's Road --> Bellhart Courier Pill
71%
Marrow --> Fleatopia Grishkin
71%
Hunter's March Mottled Skarr
71%
Bellhart Pinmaster Plinney
71%
Cogwork Core --> Choral Chambers Second Sentinel
71%
Far Fields Skarrsinger Karmelita
71%
Greymoor Yarnaby
71%
Shellwood --> Bellhart Courier Tipp
68%
(Various) --> Fleatopia Fleas
68%
Shellwood Greyroot
68%
Choral Chambers --> Songclave Jubilana
68%
Slab Old Penitent
68%
Sinner's Road Styx
68%
Underworks Twelfth Architect
68%
Grand Bellway --> Bellways Beastling
65%
Bellhart Frey
65%
Memorium --> Fleatopia Huge Flea
65%
Mount Fay Mask Maker
65%
Bellhart Relic Seeker Scrounge
65%
Sinner's Road (Steel Soul) Skynx
65%
Ruined Chapel Snail Shamans
65%
Bellhart Widow
65%
Slab Broodling
61%
Moss Grotto --> Cradle Mister Mushroom
61%
Putrified Ducts Runt
61%
Marrow --> Fleatopia Varga
61%
Whispering Vaults Vaultkeeper Cardinius
61%
Blasted Step Lumble the Lucky
58%
Mount Fay Fayforn
55%
Bellhart Pondcatcher Reed
55%
Blasted Step (Steel Soul) Steel Seer Zi
55%
Far Fields Weary Pilgrim
55%
Marrow Loddie
52%
Far Fields Sprintmaster Swift
52%
Ruined Chapel (Steel Soul) Summoner Sula
52%
Songclave Pilgrim Preacher
45%
Whispering Vaults Pious Isamor
42%
Bone Bottom Quiet Pilgrim
42%
Blasted Step Tall Pilgrim
42%
Greymoor Exhausted Pilgrim
39%
Choral Chambers Great Gourmand
39%
Choral Chambers Loyal Mergwin
39%
Bone Bottom Horned Pilgrim
35%
Songclave Worried Pilgrim
35%
Greymoor Aged Pilgrim
32%
Songclave Scared Pilgrim
32%
Far Fields Skarr Scout
32%
Bone Bottom Solemn Pilgrim
32%
Cogwork Core Cogwork Statues
29%
Songclave Dejected Pilgrim
23%
Songclave Humble Pilgrim
23%
No matching quizzes found
Score Distribution
Percent of People with Each Score
Percentile by Number Answered
Your Score History
You have not taken this quiz since the last reset